الحضارة المادية و الاقتصادية و الرأسمالية : (Record no. 15860)
[ view plain ]
| 000 -الفاتح | |
|---|---|
| حقل البيانات ثابتة الطول | 01597nam a22002297a 4500 |
| 008 - عناصر البيانات ثابتة الطول - معلومات عامة | |
| حقل البيانات ثابتة الطول | 110817t1993 ua||||gr|||| 000 0 ara d |
| 020 ## - الرقم الدولى المعيارى للكتب | |
| الرقم الدولى المعيارى للكتاب | 9775091144 |
| 082 ## - رقم تصنيف ديوى العشرى | |
| رقم الطبعة | 22 |
| رقم التصنيف | 330.09 |
| رقم المادة | ب ر و |
| 100 ## - المدخل الرئيسى - إسم شخصى | |
| 9 (RLIN) | 26774 |
| الإسم الشخصى | برودل،فرنان |
| 245 ## - بيان العنوان | |
| العنوان | الحضارة المادية و الاقتصادية و الرأسمالية : |
| بقية العنوان | من القرن الخامس عشر حتى القرن الثامن عشر / |
| بيان المسئوليه,etc | تأليف فرنان برودل ؛ترجمة مصطفى ماهر |
| 260 ## - PUBLICATION, DISTRIBUTION, ETC. (IMPRINT) | |
| مكان الناشر او الموزع | القاهرة: |
| اسم الناشر او الموزع | دار الفكر للدراسات و النشر و التوزيع،1993. |
| تاريخ النشر أو التوزيع | 1993. |
| 300 ## - الوصف المادى | |
| التعداد | 2 مج ؛ |
| أبعاد الوعاء | 24سم. |
| 505 ## - تبصرة محتويات-الفهرس | |
| تبصرة المحتويات المصاغة | ج1، الحياة اليومية وبنيانها اللمكن والمستحيل -- ج2، التبادل التجاري وعملياته |
| 650 ## - المدخل الاضافى بالموضوع-مصطلح موضوعى | |
| 9 (RLIN) | 21754 |
| مصطلح موضوعي أو اسم جغرافي كعنصر مدخل | الاقتصاد |
| التقسيم الفرعي العام | تاريخ |
| التقسيم الفرعي الزمني | من القرن الخامس عشر حتى القرن الثامن عشر |
| 650 ## - المدخل الاضافى بالموضوع-مصطلح موضوعى | |
| 9 (RLIN) | 15470 |
| مصطلح موضوعي أو اسم جغرافي كعنصر مدخل | العلاقات الاقتصادية الدولية |
| 653 ## - مصطلح تكشيفى غير مقيد | |
| Resource For college | |
| Arrived date list | August2011 |
| 700 ## - المدخل الاضافى - اسم شخصى | |
| 9 (RLIN) | 26775 |
| الإسم الشخصى | ؛ماهر،مصطفى |
| العنوان والكلمات الأخرى المصاحبة للاسم | مترجم |
| 942 ## - عناصر المدخل الإضافي( كوها) | |
| مصدر التصنيف او مخطط الترفيف | Dewey Decimal Classification |
| Koha [default] item type | Book - Borrowing |
| حالة التراجع | حالة الفقد | مصدر التصنيف او خطة الترفيف | حالة تلف | ليس للاعارة | مجموعات كوها | المكان الدائم | المكان الحالي | موقع الترفيف | تاريخ الاكتساب | Source of acquisition | رقم الاستدعاء | الباركود | Date last seen | نوع الوعاء | تبصرة عامة | مُعار |
|---|---|---|---|---|---|---|---|---|---|---|---|---|---|---|---|---|
| Dewey Decimal Classification | Alef-Baa | Central Library | Central Library | First floor | 17/08/2011 | 330.09 ب ر و | 000024559 | 15/07/2025 | Book - Borrowing | ج2 | ||||||
| Dewey Decimal Classification | Alef-Baa | Central Library | Central Library | First floor | 15/11/2011 | 330.09 ب ر و | 000007723 | 15/07/2025 | Book - Borrowing | ج1 | ||||||
| Dewey Decimal Classification | Alef-Baa | Central Library | Central Library | First floor | 15/11/2011 | 330.09 ب ر و | 000025637 | 15/07/2025 | Book - Borrowing | 06/01/2015 |